[Event "PRO League KO Stage 2018"]
[Site "chess.com INT"]
[Date "2018.03.13"]
[Round "1"]
[White "Gupta, Abhijeet"]
[Black "Anand, Viswanathan"]
[Result "1/2-1/2"]
[WhiteTitle "GM"]
[BlackTitle "GM"]
[WhiteElo "2615"]
[BlackElo "2776"]
[WhiteTeam "Delhi Dynamite"]
[BlackTeam "Mumbai Movers"]
[WhiteFideId "5010608"]
[BlackFideId "5000017"]
[EventDate "2018.03.13"]

1. d4 Nf6 2. c4 e6 3. Nf3 d5 4. Nc3 Be7 5. Bg5 h6 6. Bh4 O-O 7. e3 Nbd7 8. Qc2
c5 9. cxd5 Nxd5 10. Bxe7 Qxe7 11. Be2 Nxc3 12. Qxc3 b6 13. O-O Bb7 14. Rac1 Rfc8
15. Qa3 Qf8 16. Bb5 Nf6 17. dxc5 Bxf3 18. gxf3 bxc5 19. Rfd1 Rab8 20. Bf1 Nd5
21. f4 Qe7 22. Bg2 Nb6 23. b3 Rc7 24. Qa5 c4 25. bxc4 Nxc4 26. Qa6 Nb2 27. Rxc7
Qxc7 28. Qd6 Rc8 29. Qxc7 Rxc7 30. Rd8+ Kh7 31. Rd4 g6 32. Bf1 Kg7 1/2-1/2

[Event "PRO League KO Stage 2018"]
[Site "chess.com INT"]
[Date "2018.03.13"]
[Round "1"]
[White "Gupta, Abhijeet"]
[Black "Parnali, S Dharia"]
[Result "1-0"]
[WhiteTitle "GM"]
[BlackTitle "WIM"]
[WhiteElo "2615"]
[BlackElo "2148"]
[WhiteTeam "Delhi Dynamite"]
[BlackTeam "Mumbai Movers"]
[WhiteFideId "5010608"]
[BlackFideId "5043131"]
[EventDate "2018.03.13"]

1. d4 d5 2. Bf4 Nf6 3. e3 g6 4. Nc3 Bg7 5. h4 h5 6. Nf3 c6 7. Be2 Bg4 8. Ne5
Bxe2 9. Qxe2 Nbd7 10. O-O-O Qa5 11. Kb1 Nxe5 12. Bxe5 O-O-O 13. e4 Rhg8 14. f3
e6 15. a3 Nd7 16. Bg3 Nb6 17. exd5 Nxd5 18. Ne4 Qb6 19. c4 Nc7 20. Nd6+ Rxd6 21.
Bxd6 Bxd4 22. Be5 c5 23. Rd3 f6 24. Bxd4 cxd4 25. f4 Qd6 26. Qe4 Rd8 27. Rhd1 e5
28. Qxg6 Qc6 29. Qxh5 Qxc4 30. fxe5 fxe5 31. Qxe5 Nb5 32. Rc1 Nc3+ 33. Rcxc3
dxc3 34. Rxc3 Rd1+ 35. Kc2 1-0

[Event "PRO League KO Stage 2018"]
[Site "chess.com INT"]
[Date "2018.03.13"]
[Round "1"]
[White "Li, Zhaoyang"]
[Black "Holt, Conrad"]
[Result "0-1"]
[BlackTitle "GM"]
[WhiteElo "2091"]
[BlackElo "2584"]
[WhiteTeam "Chengdu Pandas"]
[BlackTeam "Dallas Destiny"]
[WhiteFideId "8608237"]
[BlackFideId "2034387"]
[EventDate "2018.03.13"]

1. d4 d5 2. c4 c6 3. Nf3 Nf6 4. Nc3 dxc4 5. a4 Bf5 6. Ne5 Nbd7 7. Nxc4 Nb6 8.
Ne3 e6 9. Nxf5 exf5 10. g3 Bb4 11. Bg2 O-O 12. O-O a5 13. e3 Re8 14. Qb3 h5 15.
Bd2 h4 16. Rfd1 Qe7 17. Ne2 Bxd2 18. Rxd2 Nbd5 19. Nf4 hxg3 20. hxg3 Nxf4 21.
exf4 Rad8 22. d5 Rd6 23. Rad1 Red8 24. Qc3 cxd5 25. Qxa5 Qd7 26. b3 d4 27. Qb4
Ne4 28. Rd3 b6 29. a5 bxa5 30. Qxa5 Nc3 31. Re1 Rc8 32. b4 Ne4 33. Bxe4 fxe4 34.
Rxe4 Qh3 35. Qe5 Rh6 36. f3 Qh1+ 0-1

[Event "PRO League KO Stage 2018"]
[Site "chess.com INT"]
[Date "2018.03.13"]
[Round "1"]
[White "Li, Zhaoyang"]
[Black "Stremavicius, Titas"]
[Result "1/2-1/2"]
[BlackTitle "IM"]
[WhiteElo "2091"]
[BlackElo "2451"]
[WhiteTeam "Chengdu Pandas"]
[BlackTeam "Dallas Destiny"]
[WhiteFideId "8608237"]
[BlackFideId "12804444"]
[EventDate "2018.03.13"]

1. e4 c5 2. Nc3 a6 3. a4 e6 4. Nge2 Nc6 5. g3 g6 6. Bg2 Bg7 7. d3 Nge7 8. Be3
Nd4 9. Qd2 Rb8 10. O-O b5 11. Nd1 Nxe2+ 12. Qxe2 d6 13. Qd2 O-O 14. axb5 axb5
15. Bh6 Bb7 16. Bxg7 Kxg7 17. Ne3 Nc6 18. c3 Kg8 19. Rfd1 e5 20. Nd5 Bc8 21. f4
f6 22. Rf1 Ne7 23. fxe5 Nxd5 24. exd5 dxe5 25. d4 cxd4 26. cxd4 Qb6 27. Kh1 exd4
28. Rf4 Bd7 29. Raf1 Rbe8 30. d6 Re5 31. Rxd4 Kg7 32. Rd5 Rfe8 33. Qf4 Qd8 34.
Rdd1 Rf5 35. Qd4 Rxf1+ 36. Rxf1 Re5 37. Qa7 Kh6 38. Qd4 Kg7 39. Qa7 Kh6 40. Qd4
Kg7 41. Qa7 1/2-1/2

[Event "PRO League KO Stage 2018"]
[Site "chess.com INT"]
[Date "2018.03.13"]
[Round "1"]
[White "Ladva, Ottomar"]
[Black "Manukian, Artak"]
[Result "1-0"]
[WhiteTitle "GM"]
[WhiteElo "2517"]
[BlackElo "2196"]
[WhiteTeam "Estonia Horses"]
[BlackTeam "Armenia Eagles"]
[WhiteFideId "4500024"]
[BlackFideId "13301373"]
[EventDate "2018.03.13"]

1. g3 d5 2. Bg2 Nf6 3. c4 c6 4. Nf3 Bg4 5. Ne5 Be6 6. cxd5 Bxd5 7. Nf3 g6 8. Nc3
Bg7 9. O-O O-O 10. d4 Nbd7 11. Re1 Ne4 12. Nxd5 cxd5 13. Qb3 Nb6 14. Ng5 Nxg5
15. Bxg5 Qd7 16. Qd3 e6 17. b3 Rfc8 18. h4 Rc6 19. Rac1 Rac8 20. Bd2 Rxc1 21.
Rxc1 Rxc1+ 22. Bxc1 Qc6 23. Bd2 h5 24. Bf3 Bf6 25. Kg2 Nc8 26. e4 Ne7 27. e5 Bg7
28. g4 hxg4 29. Bxg4 Nf5 30. h5 gxh5 31. Bxh5 Qa6 32. Qxa6 bxa6 33. Bc3 Bf8 34.
Be2 a5 35. Bd3 a4 36. bxa4 Kg7 37. a5 Be7 38. a6 Bd8 39. Bxf5 exf5 40. Kf3 Bb6
41. a4 Kg6 42. a5 Bc7 43. Bb4 f6 44. Bc5 fxe5 45. Bxa7 e4+ 46. Ke2 Bxa5 47. Bc5 1-0

[Event "PRO League KO Stage 2018"]
[Site "chess.com INT"]
[Date "2018.03.13"]
[Round "1"]
[White "Ladva, Ottomar"]
[Black "Andriasian, Zaven"]
[Result "1/2-1/2"]
[WhiteTitle "GM"]
[BlackTitle "GM"]
[WhiteElo "2517"]
[BlackElo "2586"]
[WhiteTeam "Estonia Horses"]
[BlackTeam "Armenia Eagles"]
[WhiteFideId "4500024"]
[BlackFideId "13302000"]
[EventDate "2018.03.13"]

1. Nf3 d5 2. g3 c6 3. Bg2 Bg4 4. O-O Nd7 5. h3 Bh5 6. d4 Ngf6 7. c4 e6 8. cxd5
exd5 9. Qb3 Qb6 10. Qe3+ Be7 11. Nh4 Bg6 12. Nc3 Qd8 13. Nxg6 hxg6 14. Qd3 O-O
15. Rb1 Bb4 16. a3 Bd6 17. b4 a6 18. a4 Re8 19. Bg5 Be7 20. b5 axb5 21. axb5 Nb6
22. bxc6 bxc6 23. Rb3 Nc4 24. Rd1 Nd6 25. e3 Qa5 26. Rdb1 Bf8 27. Bxf6 gxf6 28.
Rb6 Rec8 29. e4 dxe4 30. Nxe4 Qf5 31. g4 Qf4 32. Qd2 Qxd2 33. Nxd2 Ra4 34. Nb3
Rc4 35. Rd1 f5 36. Na5 Rc2 37. Nxc6 fxg4 38. hxg4 Nc4 39. Ra6 Nb2 40. Rb1 Rd2
41. Ne5 Nd3 42. Nxd3 Rxd3 43. Ra4 Rd2 44. Bd5 Rd8 45. Rb5 Rd7 46. Kf1 Bg7 47.
Ke1 Rxd4 48. Rxd4 Bxd4 49. Kf1 Kg7 50. Kg2 Kf6 51. Kf3 g5 52. Be4 Be5 53. Rb6+
Kg7 54. Rb7 Rd6 55. Ke2 Bf4 56. Kf3 Rd2 57. Rb6 Be5 58. Rc6 Bd4 59. Rc2 Rd1 60.
Ke2 Rg1 61. Kf3 Ra1 62. Rd2 Be5 63. Rd5 Ra3+ 64. Rd3 Ra1 65. Rd7 Ra6 66. Bd5
Rf6+ 67. Kg2 Bc3 68. f3 Bb4 69. Kf1 Kf8 70. Ke2 Be7 71. Rb7 Rd6 72. Rb8+ Kg7 73.
Rb7 Kf6 74. Be4 Ra6 75. Rc7 Ra2+ 76. Rc2 Ra3 77. Rb2 Bc5 78. Rb5 Be3 79. Rf5+
Ke7 80. Re5+ Kd6 81. Rf5 Ke7 82. Re5+ Kf6 83. Rf5+ Kg7 84. Bd5 f6 85. Be4 Bd4
86. Rd5 Be5 87. Rd7+ Kf8 88. Bg6 Rc3 89. Rf7+ Kg8 90. Rb7 Bf4 91. Be4 Kf8 92.
Ra7 Bc7 93. Rb7 Ke7 94. Rb2 Bf4 95. Rc2 Ra3 96. Rb2 Be5 97. Rb6 Bd4 98. Rc6 Kd7
99. Rc4 Be5 100. Rc2 Bf4 101. Rb2 Kd6 102. Rb5 Be5 103. Rd5+ Ke6 104. Rb5 Bd4
105. Rd5 Ba7 106. Rb5 Kd6 107. Rd5+ Ke6 108. Rb5 Bg1 109. Bf5+ Kd6 110. Be4 Bc5
111. Kd2 Ra1 112. Ke2 Ra7 113. Kd2 Rc7 114. Ke2 Ke5 115. Rb8 Kf4 116. Re8 Bd4
117. Kd3 Be5 118. Ra8 Rc3+ 119. Kd2 Rxf3 120. Bxf3 Kxf3 121. Kd3 Kxg4 122. Ke4
Bc3 123. Rf8 Bb2 124. Rf7 Kg3 125. Kf5 Kf3 126. Rb7 Be5 127. Rb3+ Ke2 128. Ra3
Kf2 1/2-1/2

[Event "PRO League KO Stage 2018"]
[Site "chess.com INT"]
[Date "2018.03.13"]
[Round "1"]
[White "Chandra, Akshat"]
[Black "Cervantes Landeiro, Thalia"]
[Result "1-0"]
[WhiteTitle "GM"]
[BlackTitle "WFM"]
[WhiteElo "2490"]
[BlackElo "2154"]
[WhiteTeam "Saint Louis Arch Bishops"]
[BlackTeam "Webster Windmills"]
[WhiteFideId "25006711"]
[BlackFideId "3520498"]
[EventDate "2018.03.13"]

1. d4 Nf6 2. c4 g6 3. g3 Bg7 4. Bg2 d5 5. cxd5 Nxd5 6. Nf3 O-O 7. O-O Nc6 8. Nc3
Nb6 9. e3 e5 10. d5 Na5 11. Qc2 c6 12. b4 Nac4 13. dxc6 bxc6 14. Nd2 Bf5 15. e4
Be6 16. Nb3 Qe7 17. Nc5 Bc8 18. N3a4 a5 19. Nxb6 Nxb6 20. Bd2 a4 21. a3 Bg4 22.
Be3 Rfc8 23. Rac1 Qc7 24. f3 Bd7 25. Nxd7 Nxd7 26. Bh3 Rd8 27. Qxc6 Qxc6 28.
Rxc6 Nf8 29. Rc3 Ne6 30. Bxe6 fxe6 31. Kf2 Bf8 32. Ke2 Rd7 33. Rfc1 Rb8 34. Rc8
Rxc8 35. Rxc8 Kf7 36. Ra8 Rc7 37. Ra7 Rxa7 38. Bxa7 Ke8 39. Kd3 Bd6 40. Kc4 Kd7
41. Kb5 Kc7 42. Bc5 Bxc5 43. Kxc5 Kb7 44. Kb5 Kc7 45. Kxa4 Kb6 46. Kb3 Kb5 47.
a4+ Kb6 48. Kc4 Kc6 49. b5+ Kb6 50. Kb4 1-0

[Event "PRO League KO Stage 2018"]
[Site "chess.com INT"]
[Date "2018.03.13"]
[Round "1"]
[White "Chandra, Akshat"]
[Black "Robson, Ray"]
[Result "1/2-1/2"]
[WhiteTitle "GM"]
[BlackTitle "GM"]
[WhiteElo "2490"]
[BlackElo "2649"]
[WhiteTeam "Saint Louis Arch Bishops"]
[BlackTeam "Webster Windmills"]
[WhiteFideId "25006711"]
[BlackFideId "2023970"]
[EventDate "2018.03.13"]

1. e4 e5 2. Nf3 Nc6 3. Bb5 a6 4. Ba4 Nf6 5. O-O Be7 6. Re1 b5 7. Bb3 d6 8. c3
O-O 9. h3 Na5 10. Bc2 c5 11. d4 Nd7 12. a4 b4 13. cxb4 cxb4 14. Nbd2 exd4 15.
Nb3 Bf6 16. Nbxd4 Ne5 17. Nxe5 dxe5 18. Nb3 Qxd1 19. Rxd1 Nc4 20. a5 Be7 21. Nd2
Nxd2 22. Bxd2 Be6 23. Be3 Rfc8 24. Bd3 f6 25. Rdc1 Rxc1+ 26. Rxc1 Bd8 27. Bb6
Kf7 28. Bxd8 Rxd8 29. Bxa6 Ra8 30. Rc7+ Kf8 31. Bc4 Bxc4 32. Rxc4 Rxa5 33. Rxb4
Ra1+ 34. Kh2 Rb1 35. Rb7 h5 36. Kg3 Kg8 37. Kh4 Rg1 38. g3 Rf1 39. Kxh5 Kh7 40.
Kg4 Rxf2 41. h4 Kh6 42. Rb8 g6 43. Kh3 f5 44. Rb5 fxe4 45. Rxe5 Rxb2 46. Rxe4
Rb5 47. Ra4 Rc5 48. Kg4 Rb5 49. Re4 Rc5 50. Kh3 Rb5 51. Re3 Rc5 52. g4 Rc4 53.
Kg3 Rb4 54. Kf3 Ra4 55. Re4 Ra1 56. Re6 Kg7 57. Kf4 Ra4+ 58. Re4 g5+ 59. hxg5
Ra5 60. Re5 Ra7 61. Re6 Rf7+ 62. Kg3 Ra7 63. g6 Ra5 64. Kf4 Rb5 65. Kg3 Ra5 66.
Kh4 Rb5 67. Ra6 Rc5 68. g5 Rc1 69. Kh5 Rh1+ 70. Kg4 Rg1+ 71. Kf5 Rf1+ 72. Kg4
Rg1+ 73. Kf5 Rf1+ 1/2-1/2

[Event "PRO League KO Stage 2018"]
[Site "chess.com INT"]
[Date "2018.03.13"]
[Round "1"]
[White "Chen, Forest"]
[Black "Shetty, Atulya"]
[Result "0-1"]
[BlackTitle "IM"]
[WhiteElo "2107"]
[BlackElo "2391"]
[WhiteTeam "Saint Louis Arch Bishops"]
[BlackTeam "Pittsburgh Pawngrabbers"]
[WhiteFideId "30908205"]
[BlackFideId "2031213"]
[EventDate "2018.03.13"]

1. d4 d5 2. c4 c6 3. cxd5 cxd5 4. Bf4 Nf6 5. Nc3 Nc6 6. e3 a6 7. Bd3 Bg4 8. Nge2
e6 9. O-O Be7 10. Rc1 O-O 11. Na4 Bh5 12. Nc5 Bxc5 13. Rxc5 Bg6 14. Bg5 Qb6 15.
Bxg6 hxg6 16. Bxf6 gxf6 17. Qd2 Ne7 18. Ng3 Rfc8 19. b4 Qd6 20. Rfc1 b6 21. R5c3
Kg7 22. a3 Qd7 23. Qd3 Qa4 24. Rc7 a5 25. b5 Kf8 26. h4 Rxc7 27. Rxc7 Rc8 28.
Rxc8+ Nxc8 29. h5 gxh5 30. Nxh5 Ke7 31. f3 Nd6 32. Qh7 Qxb5 33. Qh6 Qb1+ 34. Kh2
Qg6 35. Qh8 Nf5 36. e4 dxe4 37. fxe4 Nxd4 38. Ng7 Nc6 39. e5 fxe5 40. Qh4+ Qf6 0-1

[Event "PRO League KO Stage 2018"]
[Site "chess.com INT"]
[Date "2018.03.13"]
[Round "1"]
[White "Chen, Forest"]
[Black "Shabalov, Alexander"]
[Result "1-0"]
[BlackTitle "GM"]
[WhiteElo "2107"]
[BlackElo "2568"]
[WhiteTeam "Saint Louis Arch Bishops"]
[BlackTeam "Pittsburgh Pawngrabbers"]
[WhiteFideId "30908205"]
[BlackFideId "2008572"]
[EventDate "2018.03.13"]

1. d4 Nf6 2. c4 g6 3. f3 e6 4. e4 d5 5. e5 Nfd7 6. Nc3 c5 7. cxd5 exd5 8. Be3
Nc6 9. Bb5 a6 10. Bxc6 bxc6 11. Nge2 Bg7 12. f4 cxd4 13. Qxd4 O-O 14. O-O a5 15.
Rac1 Rb8 16. Na4 Ba6 17. Rfe1 Rb4 18. Qd1 g5 19. Nd4 Bb5 20. Nc3 gxf4 21. Ncxb5
fxe3 22. Nxc6 e2 23. Qxd5 Qb6+ 24. Kh1 Nxe5 25. Nxb4 Ng4 26. Nd3 Rd8 27. Qf3 h5
28. Rc7 Qg6 29. Nf2 Re8 30. Nxg4 hxg4 31. Qc6 Re6 32. Rc8+ Bf8 33. Qc5 Qg7 34.
Nd4 Re4 35. Nf5 Rf4 36. Nxg7 Rf1+ 37. Qg1 1-0

[Event "PRO League KO Stage 2018"]
[Site "chess.com INT"]
[Date "2018.03.13"]
[Round "1"]
[White "Shetty, Atulya"]
[Black "Akobian, Varuzhan"]
[Result "1/2-1/2"]
[WhiteTitle "IM"]
[BlackTitle "GM"]
[WhiteElo "2391"]
[BlackElo "2640"]
[WhiteTeam "Pittsburgh Pawngrabbers"]
[BlackTeam "Saint Louis Arch Bishops"]
[WhiteFideId "2031213"]
[BlackFideId "13300580"]
[EventDate "2018.03.13"]

1. c4 e6 2. g3 d5 3. Bg2 Nf6 4. Nf3 dxc4 5. Qa4+ Bd7 6. Qxc4 c5 7. Ne5 Qc8 8.
Nxd7 Qxd7 9. O-O Nc6 10. Nc3 Rc8 11. d3 Nd4 12. a4 Be7 13. a5 O-O 14. Rd1 Rfd8
15. Qa4 Nd5 16. Nxd5 exd5 17. Qxd7 Rxd7 18. Be3 Rc6 19. Bxd4 cxd4 20. Rdc1 g6
21. Kf1 Kf8 22. Ke1 Rxc1+ 23. Rxc1 Bb4+ 24. Kd1 Bxa5 25. Rc5 Bb4 26. Rxd5 Rxd5
27. Bxd5 b6 28. e3 dxe3 29. fxe3 Ke7 30. g4 f5 31. gxf5 gxf5 32. Ke2 Kf6 33. Kf3
Kg5 34. e4 Bd6 35. h3 h6 36. exf5 Kxf5 37. b3 Ke5 38. Bg8 Kd4 39. Ke2 Bf4 40.
Kf3 Bc1 41. Ke2 b5 42. Bf7 Kc3 43. Bg8 a5 44. Bf7 a4 45. bxa4 bxa4 46. Bg8 a3
47. Bf7 Bg5 48. Bg8 Kb2 49. Bf7 a2 50. Bxa2 Kxa2 51. d4 Kb3 52. d5 Kc4 53. d6
Kd5 54. d7 Kd6 55. Kf3 Kxd7 56. Kg2 Ke6 57. Kh1 Kf5 58. h4 Bxh4 59. Kg2 Kg4 60.
Kh1 Kh3 61. Kg1 Bg3 62. Kh1 h5 63. Kg1 h4 64. Kh1 Kg4 65. Kg2 h3+ 66. Kh1 Kf3
67. Kg1 h2+ 68. Kh1 Kf2 1/2-1/2

[Event "PRO League KO Stage 2018"]
[Site "chess.com INT"]
[Date "2018.03.13"]
[Round "1"]
[White "Bacrot, Etienne"]
[Black "Fontaine, Robert"]
[Result "1/2-1/2"]
[WhiteTitle "GM"]
[BlackTitle "GM"]
[WhiteElo "2718"]
[BlackElo "2563"]
[WhiteTeam "Marseille Migraines"]
[BlackTeam "Cannes Blockbusters"]
[WhiteFideId "605506"]
[BlackFideId "605590"]
[EventDate "2018.03.13"]

1. c4 e5 2. Nc3 Nc6 3. g3 g6 4. Bg2 Bg7 5. Nf3 d6 6. d3 h6 7. O-O Nge7 8. Rb1 a5
9. a3 O-O 10. b4 axb4 11. axb4 Be6 12. b5 Nd4 13. Nxd4 exd4 14. Nd5 Nxd5 15.
cxd5 Bd7 16. Rb4 b6 17. Bb2 Ra5 18. Bxd4 Bxd4 19. Rxd4 Bxb5 20. Qd2 Kg7 21. Rc1
Re8 22. Bf3 h5 23. Re4 Kg8 24. Qc3 Ra7 25. Rb4 Qd7 26. g4 hxg4 27. Bxg4 f5 28.
Bf3 Re7 29. Kh1 Ra4 30. Rxa4 Bxa4 31. Ra1 Qe8 32. Qf6 Rg7 33. Rg1 Qf7 34. Qd4 1/2-1/2

[Event "PRO League KO Stage 2018"]
[Site "chess.com INT"]
[Date "2018.03.13"]
[Round "1"]
[White "Alekseenko, Kirill"]
[Black "Borisek, Jure"]
[Result "1/2-1/2"]
[WhiteTitle "GM"]
[BlackTitle "GM"]
[WhiteElo "2609"]
[BlackElo "2576"]
[WhiteTeam "Stockholm Snowballs"]
[BlackTeam "Ljubljana Turtles"]
[WhiteFideId "4135539"]
[BlackFideId "14603152"]
[EventDate "2018.03.13"]

1. e4 e5 2. Nf3 Nc6 3. Bb5 a6 4. Ba4 Nf6 5. O-O Be7 6. Re1 b5 7. Bb3 d6 8. c3
O-O 9. h3 Bb7 10. d4 Re8 11. Nbd2 exd4 12. cxd4 Nd7 13. Nf1 Na5 14. Bc2 Bf6 15.
Rb1 c5 16. d5 Nc4 17. b3 Ncb6 18. Ng3 g6 19. Nh2 h5 20. f4 Bh4 21. Nhf1 a5 22.
Bb2 b4 23. Bd3 a4 24. Qf3 Bf6 25. Ne3 axb3 26. axb3 Ra2 27. Bxf6 Qxf6 28. Bb5
Rea8 29. Nc4 Rc2 30. Nf1 Raa2 31. Nfe3 Rf2 32. Qxf2 Rxf2 33. Kxf2 Qxf4+ 34. Kg1
Nxc4 35. Nxc4 Ne5 36. Ra1 Nf3+ 37. gxf3 Qg3+ 1/2-1/2

[Event "PRO League KO Stage 2018"]
[Site "chess.com INT"]
[Date "2018.03.13"]
[Round "1"]
[White "Alekseenko, Kirill"]
[Black "Sebenik, Matej"]
[Result "1/2-1/2"]
[WhiteTitle "GM"]
[BlackTitle "GM"]
[WhiteElo "2609"]
[BlackElo "2562"]
[WhiteTeam "Stockholm Snowballs"]
[BlackTeam "Ljubljana Turtles"]
[WhiteFideId "4135539"]
[BlackFideId "14602296"]
[EventDate "2018.03.13"]

1. e4 c5 2. Nc3 Nc6 3. Bb5 Nd4 4. Nf3 a6 5. Bd3 Nc6 6. Be2 e5 7. d3 Be7 8. Nd2
Nf6 9. a4 d6 10. Nc4 Be6 11. b3 Rb8 12. Ne3 Nb4 13. Bd2 O-O 14. a5 d5 15. exd5
Nfxd5 16. O-O Nxc3 17. Bxc3 Nc6 18. Bg4 f5 19. Bf3 Nd4 20. Nc4 Bf6 21. Rb1 Qc7
22. Re1 Rbd8 23. Bxd4 cxd4 24. Re2 Rfe8 25. Qe1 Bf7 26. Qb4 Re7 27. Rbe1 h5 28.
Qb6 Bxc4 29. bxc4 Qxb6 30. axb6 g6 31. Ra1 e4 32. Rae1 e3 33. Kf1 f4 34. Ra1 Rc8
35. Ra5 Re5 36. Bd5+ Kf8 37. fxe3 fxe3 38. Re1 Rf5+ 39. Ke2 Rf2+ 40. Kd1 Rb8 41.
Be4 Be7 42. c5 Rc8 43. Bxb7 Rxc5 44. Rxc5 Bxc5 45. Bxa6 Bxb6 46. Re2 Rf1+ 47.
Re1 Rf2 48. Re2 Rf1+ 49. Re1 Rf2 50. Re2 Rf1+ 51. Re1 1/2-1/2

[Event "PRO League KO Stage 2018"]
[Site "chess.com INT"]
[Date "2018.03.13"]
[Round "1"]
[White "Gorovets, Andrey"]
[Black "Li, Zhaoyang"]
[Result "1-0"]
[WhiteTitle "GM"]
[WhiteElo "2496"]
[BlackElo "2091"]
[WhiteTeam "Dallas Destiny"]
[BlackTeam "Chengdu Pandas"]
[WhiteFideId "13504037"]
[BlackFideId "8608237"]
[EventDate "2018.03.13"]

1. d4 Nf6 2. Bf4 g6 3. Nc3 d5 4. e3 Bg7 5. h4 h5 6. Be2 O-O 7. Nf3 c5 8. Nb5 Na6
9. c3 Bd7 10. a4 cxd4 11. exd4 Ne4 12. Ne5 Bf5 13. f3 Nd6 14. Qd2 Nc7 15. Nxd6
exd6 16. Nd3 Re8 17. Bg5 Qd7 18. O-O a6 19. Rfe1 Ne6 20. Be3 Qe7 21. Bf2 Bxd3
22. Bxd3 Qf6 23. Bg3 Kh7 24. Qf2 Rad8 25. f4 Nf8 26. f5 Kg8 27. Rxe8 Rxe8 28.
fxg6 Nxg6 29. Qd2 Re6 30. Rf1 Qe7 31. Qd1 Re3 32. Bf2 Re6 33. Qxh5 Nf4 34. Qf5
Nxd3 35. Qxd3 Re2 36. b4 Qe4 37. Qxe4 dxe4 38. Re1 Rc2 39. Rxe4 Rxc3 40. Re8+
Kh7 41. Rb8 Rc1+ 42. Kh2 Rc2 43. Kg3 Rc3+ 44. Kg4 Bxd4 45. Bxd4 Rc4 46. Rh8+ Kg6
47. h5# 1-0

[Event "PRO League KO Stage 2018"]
[Site "chess.com INT"]
[Date "2018.03.13"]
[Round "1"]
[White "Gorovets, Andrey"]
[Black "Li, Chao b"]
[Result "1/2-1/2"]
[WhiteTitle "GM"]
[BlackTitle "GM"]
[WhiteElo "2496"]
[BlackElo "2732"]
[WhiteTeam "Dallas Destiny"]
[BlackTeam "Chengdu Pandas"]
[WhiteFideId "13504037"]
[BlackFideId "8604436"]
[EventDate "2018.03.13"]

1. d4 Nf6 2. Bf4 d5 3. e3 e6 4. Nd2 Bd6 5. Bg3 c5 6. c3 Nc6 7. Ngf3 O-O 8. Bd3
Re8 9. Ne5 Bxe5 10. dxe5 Nd7 11. Nf3 Qc7 12. O-O g6 13. e4 dxe4 14. Bxe4 Ncxe5
15. Nxe5 Nxe5 16. f4 f5 17. fxe5 fxe4 18. Qg4 b6 19. Rf6 Ba6 20. Qxe4 Rad8 21.
Bf4 Qb7 22. Qe3 Qd5 23. h4 Qd3 24. Qf2 Qe2 25. Qg3 Rf8 26. Re1 Rd1 27. Rxd1
Qxd1+ 28. Kh2 Qd3 29. Rxe6 Qf5 30. Rf6 Rxf6 31. exf6 Qxf6 32. Bg5 Qf8 33. Qc7
Bc4 34. b3 Be6 35. Be7 Qa8 36. Bf6 Bf7 37. c4 Qe4 38. Qb8+ Be8 39. Qc7 Bd7 40.
Bg5 Bc6 41. Qb8+ 1/2-1/2

[Event "PRO League KO Stage 2018"]
[Site "chess.com INT"]
[Date "2018.03.13"]
[Round "1"]
[White "Zherebukh, Yaroslav"]
[Black "Song, Edward"]
[Result "1/2-1/2"]
[WhiteTitle "GM"]
[BlackTitle "FM"]
[WhiteElo "2633"]
[BlackElo "2288"]
[WhiteTeam "Saint Louis Arch Bishops"]
[BlackTeam "Pittsburgh Pawngrabbers"]
[WhiteFideId "14116804"]
[BlackFideId "2051192"]
[EventDate "2018.03.13"]

1. e4 e5 2. Nf3 Nc6 3. Bb5 a6 4. Ba4 Nf6 5. O-O Be7 6. Re1 b5 7. Bb3 d6 8. c3
O-O 9. h3 Nb8 10. d4 Nbd7 11. Nbd2 Bb7 12. Bc2 Re8 13. Nf1 Bf8 14. Ng3 g6 15. a4
c5 16. d5 c4 17. Bg5 h6 18. Be3 Nc5 19. Qd2 h5 20. Bg5 Be7 21. Bh6 Bf8 22. Bxf8
Rxf8 23. Qh6 Nh7 24. Ra3 Qf6 25. Rea1 Rab8 26. axb5 axb5 27. Nd2 Ra8 28. Qe3 Qg5
29. Qxg5 Nxg5 30. Ra5 Ra6 31. Rxa6 Bxa6 32. h4 Nh7 33. b4 cxb3 34. Nxb3 Na4 35.
Nc1 Ra8 36. Nge2 Nb6 37. Nd3 Bc8 38. Rxa8 Nxa8 39. Nb4 Nc7 40. f3 Nf6 41. Kf2
Kf8 42. Nc1 Nd7 43. Nb3 Ke8 44. Ke3 Nb6 45. Bd3 Bd7 46. Na5 Ke7 47. Nc2 Na4 48.
Kd2 Nc5 49. Nb4 f5 50. Bc2 Kf6 51. Ke3 f4+ 52. Kf2 g5 53. hxg5+ Kxg5 54. Nd3
N7a6 55. Nb4 Nc7 56. c4 h4 57. cxb5 Nxb5 58. Nc4 Kf6 59. Nd3 Nxd3+ 60. Bxd3 Ke7
61. Nb6 Nc7 62. Nxd7 Kxd7 63. Kg1 Ke7 64. Kh2 Kf6 65. Kh3 Kg5 66. Bc4 Ne8 67.
Bb5 Nf6 68. Bc6 Nh5 69. Be8 Ng3 70. Bd7 Nh1 71. Bc6 Nf2+ 72. Kh2 Kh6 73. Kg1 Nd3
74. Kh2 Kg5 75. Bb5 Nf2 76. Kg1 Nd1 77. Kh2 Ne3 78. Kh3 Kh5 79. Bd7 Nd1 80. Be8+
Kg5 81. Bf7 Nf2+ 82. Kh2 Nd3 83. Be8 Nc5 84. Bb5 Nb3 85. Bc4 Nd4 86. Ba6 Nc2 87.
Bc8 Ne3 88. Bh3 Kf6 89. Bc8 Ke7 90. Kh3 Kf6 91. Bd7 Ke7 92. Ba4 Kd8 93. Bb5 Kc7
94. Be8 Kb6 95. Kxh4 Nxg2+ 96. Kg5 Kc5 97. Bh5 Ne3 98. Kf6 Nc2 99. Ke7 Nd4 100.
Bg4 Nb5 101. Kd7 Nc3 102. Kc7 Nd1 103. Bh5 Ne3 104. Kd7 Nf1 105. Kc7 Ng3 106.
Bg4 Ne2 107. Kd7 Nd4 108. Kc7 Nb5+ 109. Kd7 Na3 110. Kc7 Nc4 111. Bc8 Nb6 112.
Ba6 Na4 113. Bf1 Nc3 114. Bh3 Nb1 115. Bg4 Nd2 116. Bh5 Nc4 117. Be8 Ne3 118.
Bh5 Nf1 119. Bg4 Nd2 120. Bh5 Nb3 121. Bg4 Nd2 122. Bh5 Nc4 123. Bg4 Na3 124.
Bh5 Nb5+ 125. Kd7 Na3 126. Kc7 Nc4 127. Bg4 Na5 128. Bh5 Nb3 129. Bg4 Nd4 130.
Bh5 Nb5+ 131. Kd7 Nd4 1/2-1/2

[Event "PRO League KO Stage 2018"]
[Site "chess.com INT"]
[Date "2018.03.13"]
[Round "1"]
[White "Cervantes Landeiro, Thalia"]
[Black "Mitkov, Nikola"]
[Result "0-1"]
[WhiteTitle "WFM"]
[BlackTitle "GM"]
[WhiteElo "2154"]
[BlackElo "2454"]
[WhiteTeam "Webster Windmills"]
[BlackTeam "Minnesota Blizzard"]
[WhiteFideId "3520498"]
[BlackFideId "15000290"]
[EventDate "2018.03.13"]

1. d4 d5 2. c4 e6 3. Nc3 Bb4 4. e3 Ne7 5. cxd5 exd5 6. Bd3 Bf5 7. Nf3 c6 8. O-O
Nd7 9. a3 Bxc3 10. bxc3 Nb6 11. Qc2 Bxd3 12. Qxd3 O-O 13. e4 Qd7 14. e5 Qf5 15.
Qxf5 Nxf5 16. Rb1 Rfe8 17. g4 Ne7 18. Kg2 Rac8 19. Be3 Rc7 20. Nd2 f5 21. exf6
gxf6 22. Bf4 Rd7 23. Rfe1 Kf7 24. h3 Ng6 25. Bg3 Rde7 26. Kf1 Na4 27. c4 Rxe1+
28. Rxe1 Ne7 29. Bd6 Nc8 30. Bf4 Rxe1+ 31. Kxe1 Nb2 32. Bc7 dxc4 33. Ba5 b5 34.
Ne4 Nd3+ 35. Kd2 Ke6 36. f3 Ne7 37. h4 Ng8 38. h5 Kd5 39. Bc3 Ke6 40. Ba5 h6 41.
Bc3 f5 42. Ng3 fxg4 43. fxg4 Nf6 44. Ke3 Nxg4+ 45. Kf3 Nf6 46. Bd2 Ng8 47. Ne4
Kd5 48. Be3 a5 49. Nc3+ Ke6 50. Ke2 b4 51. axb4 axb4 52. Ne4 Kd5 53. Nd2 Nb2 54.
Nb1 Na4 55. Kd2 Ke4 56. Ke2 Nf6 57. Bxh6 Nxh5 58. Bf8 Nf4+ 59. Kd2 Nd5 60. Kc2
Kxd4 61. Bg7+ Kc5 62. Nd2 Kb5 63. Ne4 b3+ 64. Kb1 c3 65. Nxc3+ Ndxc3+ 0-1